| 000 | 00723nam a2200229 a 4500 | ||
|---|---|---|---|
| 001 | BRCA_3877 | ||
| 005 | 20190320204447.0 | ||
| 008 | 231209s2004----sp-a######---#000-0#spa-# | ||
| 020 | _a8495452243 | ||
| 041 | _aspa | ||
| 044 | _asp | ||
| 050 | 4 |
_aND813.V4 _b.C35 2004 |
|
| 100 | 1 |
_aCalvo Serraller, Francisco _910092 |
|
| 245 | 1 | 0 |
_aGuía de sala Velázquez _cFrancisco Calvo Serraller. |
| 260 |
_aMadrid _bFundación Amigos del Museo del Prado _c2004 |
||
| 300 |
_a67 p. _bil. a color _c15 cm. |
||
| 500 | _aIncluye cronología básica de Velázquez | ||
| 504 | _aBibliografía: p. 64-65 | ||
| 600 | 1 | 4 |
_aVelázquez, Diego _d1599-1660 _vBiografía _910093 |
| 650 | 1 | 4 |
_aPintores _vGuías _zEspaña _910094 |
| 942 |
_2lcc _cB |
||
| 999 |
_c3605 _d3605 |
||